000 00845nam a2200205 a 4500
008 090617s1960 ||||||||||||||||| || u
050 _aGOV.ZAM(02)1960/3
100 _aGair, H. S
245 1 4 _aThe Karroo system of the western end of the Luano Valley
_cMinistry of Mines. Geological Survey
260 _aLusaka
_bGovernment Printer
_c1960
300 _aiii, 40p.: ill.
350 _a0.00
490 _aNorthern Rhodesia Geological Survey Reports
500 _aNRGSR no.6
650 _aKARROO SUPERGROUP
650 _aGEOLOGY--LUANO VALLEY--ZAMBIA
710 _aGovernment of the Republic of Zambia (GRZ)
710 _aGovernment of the Republic of Zambia. Ministry of Mines
995 _D0.00
_FCBU-MAIN LIBRARY (Kitwe)
_H1
_I0.00
_M1
_UAVAILABLE
_WJun 17, 2009
_ZZambiana Collection
999 _c48570
_d48570